Transzcendens művészet.

Elmentve itt :
Bibliográfiai részletek
Szerző: Ybl, Ervin
Adatforrás:Philobibl
Forrásdokumentuma:Művészet
1911. évf., 410-419.p. p.
Dokumentumtípus: Cikk
Nyelv:magyar
LEADER 00271nab a2200097 c 4500
001 bibDOK00025117
005 20200924121937.1
008 060518s1911 hu hun
100 1 |a Ybl, Ervin 
245 1 0 |a Transzcendens művészet.  |c Ybl, Ervin 
773 0 |t Művészet  |g 1911. évf., 410-419.p. p.